Exploring Meinong's Jungle and Beyond The Sylvan Jungle - Volume 1 /

In this first volume of The Sylvan Jungle, the editors present a scholarly edition of the first chapter, "Exploring Meinong's Jungle," of Richard Routley's 1000-plus page book, Exploring Meinong's Jungle and Beyond. Going against the Quinean orthodoxy, Routley's aim was...

Celý popis

Uloženo v:
Podrobná bibliografie
Hlavní autor: Routley, Richard (Autor)
Médium: Elektronický zdroj E-kniha
Jazyk:angličtina
Vydáno: Cham : Springer International Publishing, 2018.
Vydání:1st ed. 2018.
Edice:Synthese Library, Studies in Epistemology, Logic, Methodology, and Philosophy of Science ; 394
Témata:
ISBN:9783319787930
On-line přístup: Získat plný text
Tagy: Přidat tag
Žádné tagy, Buďte první, kdo vytvoří štítek k tomuto záznamu!

MARC

LEADER 00000nam a22000005i 4500
003 SK-BrCVT
005 20220618120826.0
007 cr nn 008mamaa
008 190215s2018 gw | s |||| 0|eng d
020 |a 9783319787930 
024 7 |a 10.1007/978-3-319-78793-0  |2 doi 
035 |a CVTIDW09201 
040 |a Springer-Nature  |b eng  |c CVTISR  |e AACR2 
041 |a eng 
100 1 |a Routley, Richard.  |4 aut 
245 1 0 |a Exploring Meinong's Jungle and Beyond  |h [electronic resource] :  |b The Sylvan Jungle - Volume 1 /  |c by Richard Routley ; edited by Maureen Eckert. 
250 |a 1st ed. 2018. 
260 1 |a Cham :  |b Springer International Publishing,  |c 2018. 
300 |a LI, 620 p. 4 illus., 1 illus. in color.  |b online resource. 
490 1 |a Synthese Library, Studies in Epistemology, Logic, Methodology, and Philosophy of Science ;  |v 394 
500 |a Religion and Philosophy  
505 0 |a Editors' Preface -- Introduction: The Jungle Book in context - Hyde -- Original Material -- First Edition Front Matter -- Preface and Acknowledgements -- Chapter 1. Exploring Meinong's jungle and beyond. I. Items and descriptions -- Bibliography -- Supplementary Bibliography -- Supplementary Essays -- Why item theory doesn't (quite) go far enough - Griffin -- Re-exploring item theory - Sylvan -- The future perfect of Exploring Meinong's Jungle and Beyond - Casati. 
516 |a text file PDF 
520 |a In this first volume of The Sylvan Jungle, the editors present a scholarly edition of the first chapter, "Exploring Meinong's Jungle," of Richard Routley's 1000-plus page book, Exploring Meinong's Jungle and Beyond. Going against the Quinean orthodoxy, Routley's aim was to support Meinong's idea that we can truthfully refer to non-existent and even impossible objects, like Superman, unicorns and the (infamous) round-square cupola on Berkeley College. The tools of non-classical logic at Routley's disposal enabled him to update Meinong's project for a new generation. This volume begins with an Introduction from Dominic Hyde, "The 'Jungle Book' in Context," an essay that situates Exploring Meinong's Jungle and Beyond historically. We provide the original Preface by Routley, followed by Chapter 1: "Exploring Meinong's Jungle and Beyond." In Chapter 2, Nicholas Griffin argues that Sylvan's project was insufficiently radical with his essay, "Why the Original Theory of Items Didn't (Quite) Go Far Enough." Sylvan revisits his position from this time in Chapter 3, with his article, "Re-Exploring Item-Theory." Filippo Casati, who has worked in the Routley Archives then takes up the question of the future of Sylvan's research program in his essay, "The Future Perfect of Exploring Meinong's Jungle." Iconic and iconoclastic Australian philosopher Richard Routley (né Sylvan) published Exploring Meinong's Jungle and Beyond in 1980. This work has fallen out of print, yet without great fanfare it has influenced two generations of philosophers and logicians. 
650 0 |a Epistemology. 
650 0 |a Mathematical logic. 
650 0 |a Logic. 
856 4 0 |u http://hanproxy.cvtisr.sk/han/cvti-ebook-springer-eisbn-978-3-319-78793-0  |y Vzdialený prístup pre registrovaných používateľov 
910 |b ZE06481 
919 |a 978-3-319-78793-0 
974 |a andrea.lebedova  |f Elektronické zdroje 
992 |a SUD 
999 |c 275770  |d 275770